| 000 | 00961nam a22003257a 4500 | ||
|---|---|---|---|
| 003 | CHAP | ||
| 005 | 20220817043554.0 | ||
| 008 | 990823d1999 it rn 00110 spa d | ||
| 010 | _a78806 | ||
| 011 | _a79778 | ||
| 020 | _a9253042656 | ||
| 035 | _a90183 | ||
| 040 | _cCHAP | ||
| 082 | 0 | 4 |
_a633.1 _bF32Y 1997-98 |
| 110 | 2 | _aFAO | |
| 245 | 1 | 0 |
_aExamen de las políticas cerealistas : _b1997-98 _c/por FAO |
| 260 |
_aRoma : _bFAO, _c1999. |
||
| 300 | _a47 p. | ||
| 590 |
_aBATCH-UPD _b10 _c20130110 _lUCH01 _h1249 |
||
| 590 |
_aBATCH-UPD _b10 _c20130410 _lUCH01 _h0811 |
||
| 590 |
_aBATCH-UPD _b10 _c20130914 _lUCH01 _h0915 |
||
| 590 |
_aCONVERSION _b10 _c20130109 _lUCH01 _h1344 |
||
| 650 | 1 | 4 |
_aCereales. _921370 |
| 650 | 1 | 4 |
_aPolítica alimentaria. _990389 |
| 650 | 1 | 4 |
_aPolítica cerealera. _990456 |
| 901 | _aBK | ||
| 905 | _aLilia Sánchez G. | ||
| 942 | _cLIBRO | ||
| 949 |
_a633.1 F32Y 1997-98 _bBC _cFAO _d33724000730214 _eFAO1 _h96220 _i90183 _kDonaciØn _sb |
||
| 999 |
_c78806 _d78806 |
||